Top 15 Celebrities Born In 1985 - Statistics

General Stats
  • This quiz has been taken 227 times
  • The average score is 7 of 15
Answer Stats
Picture Answer % Correct
Bruno Mars
90%
Cristiano Ronaldo
82%
Anna Kendrick
64%
Gal Gadot
64%
Keira Knightley
56%
Lana Del Ray
52%
Michael Phelps
51%
Amanda Seyfried
45%
Jeffree Star
45%
Ashley Tisdale
43%
Kaley Cuoco
36%
Raven-Symoné
32%
Dave Franco
24%
Roman Reigns
21%
Carly Rae Jepson
7%
No matching quizzes found
Score Distribution
Percent of People with Each Score
Percentile by Number Answered
Your Score History
You have not taken this quiz